Attempts to reduce drug resistance of bacteria and cancer cells

Elmentve itt :
Bibliográfiai részletek
Szerző: Spengler Gabriella
További közreműködők: Molnár József (Témavezető)
Dokumentumtípus: Disszertáció
Megjelent: 2006-04-21
Tárgyszavak:
mtmt:2241107
Online Access:http://doktori.ek.szte.hu/261
LEADER 00633nta a2200181 i 4500
001 dokt261
005 20190621145530.0
008 100512s2006 hu om 0|| eng d
024 7 |a 2241107  |2 mtmt 
040 |a SZTE Doktori Repozitórium  |b hun 
041 |a eng 
100 1 |a Spengler Gabriella 
245 1 0 |a Attempts to reduce drug resistance of bacteria and cancer cells  |h [elektronikus dokumentum] /  |c  Spengler Gabriella 
260 |c 2006-04-21 
502 |a Disszertacio 
650 4 |a elméleti orvostudományok 
700 1 |a Molnár József  |e ths 
856 4 0 |u https://doktori.bibl.u-szeged.hu/id/eprint/261/1/tz_eredeti2802.pdf  |z Dokumentum-elérés